| 000 | 00564nam a2200193Ia 4500 | ||
|---|---|---|---|
| 005 | 20250923144925.0 | ||
| 008 | 008 250917s9999 xx 000 0 eng d | ||
| 037 | _aTextual | ||
| 040 |
_aDSWL _beng _cDSWL |
||
| 041 |
_aeng _2eng |
||
| 084 |
_aY33:4.2'N5, N64 _qDSWL |
||
| 100 |
_aBulsara, Jal F. _9829874 |
||
| 245 | 0 |
_aProblems of rapid urbanisaiton in India _cby Jal Bulsara |
|
| 260 |
_aBombay _bPopular Prakaan |
||
| 365 |
_aINR _b20 |
||
| 925 | _g20 | ||
| 942 |
_cTEXL _hY33:4.2'N5, N64 |
||
| 999 |
_c1445027 _d1445027 |
||